[Event "Varna rap m"]
[Site "Varna"]
[Date "1995.??.??"]
[Round "5"]
[White "Karpov, Anatoly"]
[Black "Topalov, Veselin"]
[Result "1/2-1/2"]
[WhiteElo "2775"]
[BlackElo "2640"]
[PlyCount "83"]
[EventDate "1995.??.??"]
[Source "www.chesslib.no"]
[SourceDate "2004.05.04"]

1. d4 Nf6 2. c4 c5 3. Nf3 cxd4 4. Nxd4 e5 5. Nb5 d5 6. cxd5 Bc5 7. e3 O-O 8. N5c3 e4 9. a3 Re8 10. Nd2 Bf5 11. b4 Bf8 12. Nc4 Nbd7 13. Bb2 Nb6 14. Nxb6 Qxb6 15. Be2 a5 16. b5 Rad8 17. O-O Nd7 18. Na4 Qg6 19. Re1 Ne5 20. Bxe5 Rxe5 21. Nc3 Bd6 22. Qd4 Bh3 23. Bf1 h5 24. b6 h4 25. Kh1 Bd7 26. Ra2 Rde8 27. Nb5 Bxb5 28. Bxb5 Rg5 29. Bf1 Ree5 30. Rd1 Kh7 31. Rc2 Qf6 32. Kg1 Qf5 33. g3 hxg3 34. hxg3 Rxd5 35. Qxd5 Qxd5 36. Rxd5 Rxd5 37. a4 f5 38. Rc8 Be5 39. Re8 Bf6 40. Rb8 Rd6 41. Rxb7 Bd8 42. Bb5 1/2-1/2

[Event "SF playoff, Cap D'Agde FRA"]
[Site "?"]
[Date "1996.??.??"]
[Round "?"]
[White "Karpov, An"]
[Black "Hracek, Z."]
[Result "1-0"]
[WhiteElo "2775"]
[BlackElo "2625"]
[PlyCount "91"]
[EventDate "1996.??.??"]
[Source "www.chesslib.no"]
[SourceDate "2004.05.04"]

1. Nf3 c5 2. c4 Nc6 3. d4 cxd4 4. Nxd4 Nf6 5. g3 e6 6. Bg2 Bb4+ 7. Bd2 Bc5 8. Bc3 Qb6 9. e3 d5 10. O-O Bxd4 11. exd4 dxc4 12. d5 Nxd5 13. Bxg7 Rg8 14. Bc3 Nxc3 15. Nxc3 Bd7 16. Ne4 Qd4 17. Qxd4 Nxd4 18. Nf6+ Ke7 19. Nxg8+ Rxg8 20. Rad1 e5 21. f4 f6 22. fxe5 fxe5 23. Bd5 Rg7 24. Bxb7 Kd6 25. Rde1 Bh3 26. Bg2 Be6 27. Be4 Rc7 28. Re3 h5 29. Ra3 h4 30. Ra6+ Kc5 31. Ra5+ Kd6 32. Rf6 Re7 33. gxh4 Rg7+ 34. Rg6 Rf7 35. Ra6+ Ke7 36. Rxa7+ Bd7 37. Rg2 Rf4 38. Bd5 Kd6 39. Rf2 Rxh4 40. Bxc4 Bc6 41. Be2 Rh6 42. b4 Rg6+ 43. Kf1 Rg8 44. Bc4 Rb8 45. a3 Rh8 46. Rf6+ 1-0

[Event "Monte Carlo MNC"]
[Site "?"]
[Date "2006.03.21"]
[Round "4"]
[White "Nielsen Peter Heine"]
[Black "Aronian Levon"]
[Result "1-0"]
[WhiteElo "2644"]
[BlackElo "2752"]
[PlyCount "91"]
[EventDate "2006.??.??"]
[Source "www.chesslib.no"]
[SourceDate "2004.05.04"]

1. d4 Nf6 2. c4 c5 3. Nf3 cxd4 4. Nxd4 b6 5. Nc3 Bb7 6. f3 e6 7. e4 d6 8. Be3 a6 9. Be2 Nbd7 10. O-O Be7 11. a4 Rb8 12. a5 bxa5 13. Nb3 Ba8 14. Ra2 O-O 15. Nxa5 Qc7 16. Qd2 d5 17. cxd5 exd5 18. exd5 Bd6 19. Nc4 Bxh2+ 20. Kh1 Bg3 21. Rxa6 Qd8 22. Kg1 Nxd5 23. Nxd5 Qh4 24. Rd1 Rfe8 25. Qd4 Qh2+ 26. Kf1 Bxd5 27. Bg1 Qh1 28. Qxd5 Rxe2 29. Kxe2 Qxg2+ 30. Kd3 Rb3+ 31. Kd4 Bf2+ 32. Ne3 Rxe3 33. Kc4 h6 34. Ra8+ Nf8 35. Rxf8+ Kxf8 36. Qc5+ Kg8 37. Rd8+ Kh7 38. Qf5+ Qg6 39. Qxg6+ Kxg6 40. Bxf2 Rxf3 41. Bd4 h5 42. b4 h4 43. Rh8 Kg5 44. b5 Rf1 45. b6 Rb1 46. Bc5 1-0

[Event "Monte Carlo MNC"]
[Site "?"]
[Date "2006.03.30"]
[Round "11.3"]
[White "Nielsen Peter Heine"]
[Black "Gelfand Boris"]
[Result "1/2-1/2"]
[WhiteElo "2644"]
[BlackElo "2723"]
[PlyCount "36"]
[EventDate "2006.??.??"]
[Source "www.chesslib.no"]
[SourceDate "2004.05.04"]

1. d4 Nf6 2. c4 c5 3. Nf3 cxd4 4. Nxd4 e5 5. Nb5 d5 6. cxd5 Bc5 7. N5c3 O-O 8. g3 Qb6 9. e3 Bg4 10. Be2 Bxe2 11. Qxe2 e4 12. Qb5 Qxb5 13. Nxb5 Nxd5 14. N1c3 Nxc3 15. Nxc3 f5 16. Ke2 Nc6 17. Bd2 Ne5 18. Nd5 Rad8 1/2-1/2

[Event "Tilburg"]
[Site "?"]
[Date "1997.??.??"]
[Round "?"]
[White "Adams, Mi"]
[Black "Van Wely, L."]
[Result "1/2-1/2"]
[WhiteElo "2680"]
[BlackElo "2655"]
[PlyCount "41"]
[EventDate "1997.??.??"]
[Source "ChessBase"]
[SourceDate "1997.06.01"]

1. Nf3 c5 2. c4 b6 3. d4 cxd4 4. Nxd4 Bb7 5. Nc3 Nf6 6. f3 d6 7. e4 e6 8. Be3 Be7 9. Be2 a6 10. O-O O-O 11. Qd2 Nbd7 12. a4 Rc8 13. a5 Ne5 14. axb6 Nxc4 15. Bxc4 Rxc4 16. Nb3 Rb4 17. Na5 Ba8 18. Na4 Rb5 19. Nc3 Rb4 20. Na4 Rb5 21. Nc3 1/2-1/2

[Event "XXIV ECC"]
[Site "Kallithea GRE"]
[Date "2008.10.21"]
[Round "5"]
[White "Roiz, M."]
[Black "Avrukh, B."]
[Result "1/2-1/2"]
[WhiteElo "2677"]
[BlackElo "2657"]
[PlyCount "42"]
[EventDate "2008.10.17"]
[Source "www.chesslib.no"]
[SourceDate "2004.05.04"]

1. Nf3 c5 2. c4 Nc6 3. d4 cxd4 4. Nxd4 Nf6 5. g3 Qb6 6. Nb3 Ne5 7. c5 Qc6 8. Rg1 d5 9. cxd6 e6 10. Bg2 Qxd6 11. Qxd6 Bxd6 12. Nc3 Ke7 13. Bf4 Nc4 14. O-O-O Rd8 15. Rd4 Bxf4+ 16. Rxf4 Nd6 17. Rb4 Rd7 18. Kb1 Rc7 19. Rd1 Bd7 20. Na5 Rb8 21. Rbd4 b6 1/2-1/2

[Event "Hoogovens"]
[Site "Wijk aan Zee"]
[Date "1996.??.??"]
[Round "8"]
[White "Timman, Jan H"]
[Black "Topalov, Veselin"]
[Result "1/2-1/2"]
[WhiteElo "2620"]
[BlackElo "2700"]
[PlyCount "133"]
[EventDate "1996.01.??"]
[Source "ChessBase"]

1. d4 Nf6 2. c4 c5 3. Nf3 cxd4 4. Nxd4 e5 5. Nb5 d5 6. cxd5 Bc5 7. N5c3 O-O 8. e3 Qe7 9. Be2 e4 10. a3 Rd8 11. b4 Bd6 12. Bb2 a5 13. bxa5 Be5 14. Qa4 Na6 15. Nd2 Nc5 16. Qb4 Bg4 17. Nc4 Bxc3+ 18. Qxc3 Bxe2 19. Kxe2 Qd7 20. Rhd1 Rac8 21. Kf1 Nd3 22. Qb3 Qf5 23. Rxd3 exd3 24. Bxf6 Qxf6 25. Rd1 Qa6 26. Nd2 Qxa5 27. e4 Qa6 28. a4 Rc5 29. g3 Rdc8 30. Kg2 Rc1 31. Rxc1 Rxc1 32. Qb4 Qf6 33. Qxb7 g6 34. Qb8+ Kg7 35. e5 Qf5 36. Nf3 Rc2 37. Qb4 Re2 38. Qc3 Kh6 39. Qd4 Qe4 40. Qxe4 Rxe4 41. d6 Rxa4 42. Nd2 Kg5 43. f4+ Kf5 44. Kf3 f6 45. exf6 Kxf6 46. Ke3 Ke6 47. Kxd3 Ra3+ 48. Ke2 Ra2 49. Ke3 Kxd6 50. Ne4+ Ke7 51. h3 Ra3+ 52. Kf2 h6 53. Kg2 Ke6 54. g4 h5 55. Ng5+ Kd5 56. Kf2 Kd4 57. Kg2 Ke3 58. Kg3 Ra6 59. gxh5 gxh5 60. Kh4 Kxf4 61. Kxh5 Kf5 62. h4 Ra8 63. Kh6 Kg4 64. Kg6 Kxh4 65. Ne6 Kg4 66. Kf6 Ra5 67. Nd4 1/2-1/2

[Event "Tch (Men) 2005/2006 FRA"]
[Site "?"]
[Date "2006.02.04"]
[Round "2"]
[White "Dautov Rustem"]
[Black "Grischuk Alexander"]
[Result "1/2-1/2"]
[WhiteElo "2589"]
[BlackElo "2717"]
[PlyCount "69"]
[EventDate "2006.??.??"]
[Source "www.chesslib.no"]
[SourceDate "2004.05.04"]

1. d4 Nf6 2. c4 g6 3. g3 c5 4. Nf3 Bg7 5. Bg2 O-O 6. Nc3 cxd4 7. Nxd4 Qc7 8. Nd5 Nxd5 9. cxd5 Qa5+ 10. Bd2 Qb6 11. Bc3 e5 12. dxe6 dxe6 13. e3 e5 14. Nb3 Nc6 15. O-O Be6 16. Nd2 Nb4 17. Qa4 Nd5 18. Qa3 Nxc3 19. bxc3 Rac8 20. Rab1 Qa6 21. Qxa6 bxa6 22. c4 Rfd8 23. Rfd1 f5 24. Bf1 Bf6 25. Rbc1 Be7 26. Nb3 Rxd1 27. Rxd1 Bxc4 28. Rd7 Kf8 29. Rxa7 Bd5 30. Rxa6 Rc2 31. Ra5 Be4 32. Bg2 Bd3 33. Bf1 Be4 34. Bg2 Bd3 35. Bf1 1/2-1/2

[Event "Ch (Men) Santa Clara CUB"]
[Site "?"]
[Date "2006.04.10"]
[Round "3.1"]
[White "Bruzon Bautista Lazaro"]
[Black "Dominguez Lenier"]
[Result "1/2-1/2"]
[WhiteElo "2652"]
[BlackElo "2647"]
[PlyCount "74"]
[EventDate "2006.??.??"]
[Source "www.chesslib.no"]
[SourceDate "2004.05.04"]

1. c4 c5 2. Nf3 Nc6 3. d4 cxd4 4. Nxd4 Nf6 5. g3 Qb6 6. Nc2 e6 7. Bg2 d5 8. O-O Be7 9. cxd5 exd5 10. Nc3 O-O 11. b3 Rd8 12. Bb2 Bf5 13. Rc1 Rac8 14. Ne3 d4 15. Ncd5 dxe3 16. Nxb6 Rxd1 17. Nxc8 Rxf1+ 18. Kxf1 Bxc8 19. Bxc6 bxc6 20. Rxc6 Bh3+ 21. Kg1 exf2+ 22. Kxf2 Bc5+ 23. Kf3 Bb6 24. Bxf6 gxf6 25. Rxf6 h5 26. e3 Kg7 27. Rf4 Be6 28. Kf2 Kg6 29. Rb4 f5 30. Ke2 Bd5 31. Rf4 Kg5 32. h4+ Kf6 33. Rf1 Ke5 34. Rc1 Bb7 35. Rc2 Ba6+ 36. Kf3 Bb7+ 37. Ke2 Ba6+ 1/2-1/2

[Event "LXI Lega superiore camp. russo"]
[Site "Novokuznetsk RUS"]
[Date "2008.09.10"]
[Round "7"]
[White "Malakhov, V."]
[Black "Kryakvin, D."]
[Result "0-1"]
[WhiteElo "2689"]
[BlackElo "2565"]
[PlyCount "62"]
[EventDate "2008.09.03"]
[Source "www.chesslib.no"]
[SourceDate "2004.05.04"]

1. c4 Nf6 2. Nf3 g6 3. Nc3 Bg7 4. e4 d6 5. d4 O-O 6. Be2 c5 7. O-O cxd4 8. Nxd4 Nc6 9. Nc2 Nd7 10. Bd2 Nc5 11. b4 Bxc3 12. Bxc3 Nxe4 13. Bb2 e5 14. Bf3 Nf6 15. Bxc6 bxc6 16. f4 Qb6+ 17. Kh1 Ne4 18. Qe1 f5 19. fxe5 dxe5 20. Bxe5 Ba6 21. c5 Qb7 22. Rf3 Rae8 23. Bb2 f4 24. Qh4 g5 25. Qh6 Be2 26. Re1 Qd7 27. Rxe2 Qd1+ 28. Ne1 Rf7 29. h4 Qxe2 30. Nd3 g4 31. Rxf4 g3 0-1

[Event "Thessaloniki (ol)"]
[Site "?"]
[Date "1988.??.??"]
[Round "?"]
[White "Speelman, J."]
[Black "Sax, Gy"]
[Result "1-0"]
[WhiteElo "2645"]
[BlackElo "2600"]
[PlyCount "123"]
[EventDate "1988.??.??"]
[Source "ChessBase"]
[SourceDate "1988.07.01"]

1. Nf3 Nf6 2. c4 c5 3. Nc3 Nc6 4. d4 cxd4 5. Nxd4 Qb6 6. Nb3 e6 7. a3 Ne5 8. Be3 Qd8 9. Bf4 d6 10. c5 a6 11. e3 Qc7 12. cxd6 Qxd6 13. Be2 Be7 14. O-O O-O 15. Rc1 Qxd1 16. Rfxd1 Nc6 17. Bd6 Bxd6 18. Rxd6 Rd8 19. Rxd8+ Nxd8 20. Na4 Bd7 21. Nb6 Rb8 22. Nxd7 Nxd7 23. Rc7 Nb6 24. Nc5 Nd5 25. Rd7 a5 26. Bb5 b6 27. Ne4 Nf6 28. Nxf6+ gxf6 29. Rd6 Kg7 30. f4 Kf8 31. Kf2 Ke7 32. Rd7+ Kf8 33. Kf3 Nb7 34. b4 axb4 35. axb4 Nd8 36. g4 Rc8 37. Rd6 Rb8 38. h4 h6 39. Ke2 Ke7 40. Rd7+ Kf8 41. Kf3 Rc8 42. Ba6 Ra8 43. b5 Ke8 44. Rc7 f5 45. e4 fxg4+ 46. Kxg4 Kf8 47. f5 Kg7 48. Kf4 Kf6 49. e5+ Kg7 50. f6+ Kg6 51. Kg4 Rb8 52. Ra7 h5+ 53. Kf4 Kh6 54. Re7 Kg6 55. Re8 Kh6 56. Rf8 Kg6 57. Rh8 Nc6 58. bxc6 Rxh8 59. c7 b5 60. c8=Q Rxc8 61. Bxc8 b4 62. Bxe6 1-0

[Event "Calviá ol (Men)"]
[Site "Mallorca"]
[Date "2004.10.28"]
[Round "13.4"]
[White "Aronian, Levon"]
[Black "Nataf, Igor Alexandre"]
[Result "1/2-1/2"]
[WhiteElo "2675"]
[BlackElo "2565"]
[PlyCount "113"]
[EventDate "2004.10.15"]
[Source "Roberto Alvarez"]
[SourceDate "2004.10.25"]

1. d4 Nf6 2. c4 g6 3. Nf3 Bg7 4. g3 c5 5. Bg2 cxd4 6. Nxd4 O-O 7. Nc3 Qc7 8. b3 d5 9. Ndb5 Qa5 10. Bd2 dxc4 11. bxc4 Qd8 12. O-O a6 13. Na3 Bf5 14. Nc2 Nc6 15. Ne3 Qd4 16. Rc1 Be4 17. Nxe4 Nxe4 18. Be1 Nc5 19. Bxc6 bxc6 20. Qxd4 Bxd4 21. Nc2 Bf6 22. Ba5 Rab8 23. Rb1 Rb7 24. Rxb7 Nxb7 25. Bb6 c5 26. Ne3 Bd4 27. Nd5 e6 28. e3 Be5 29. Ne7+ Kg7 30. Rd1 Bd6 31. Nc6 Rc8 32. Nd8 Nxd8 33. Rxd6 Rc6 34. Rxc6 Nxc6 35. Bxc5 Kf6 36. Bb6 Ke5 37. f3 Kd6 38. f4 Nb4 39. a4 Nd3 40. Bd4 Nc5 41. Kf2 Nxa4 42. e4 Nc5 43. Ke3 f5 44. exf5 exf5 45. Bc3 Ne6 46. Kd3 Nc5+ 47. Ke3 Ne6 48. Kd3 Kc5 49. Ba5 h5 50. Bd2 Kc6 51. Be3 Kd6 52. Bd2 Nc5+ 53. Ke3 Kc6 54. Ba5 Ne6 55. Bd2 Nc5 56. Ba5 Ne6 57. Bd2 1/2-1/2

[Event "Moscow Aeroflot op"]
[Site "Moscow"]
[Date "2002.02.07"]
[Round "4"]
[White "Wojtkiewicz, Aleksander"]
[Black "Smirin, Ilia"]
[Result "1/2-1/2"]
[WhiteElo "2535"]
[BlackElo "2702"]
[PlyCount "27"]
[EventDate "2002.02.04"]
[Source "ChessBase"]
[SourceDate "2002.03.21"]

1. Nf3 g6 2. d4 Nf6 3. c4 Bg7 4. g3 c5 5. Nc3 O-O 6. Bg2 cxd4 7. Nxd4 Qc7 8. b3 d5 9. Bf4 Qa5 10. Bd2 dxc4 11. bxc4 Qd8 12. O-O Nc6 13. Ndb5 a6 14. Na3 1/2-1/2

[Event "St Petersburg"]
[Site "St Petersburg"]
[Date "1997.??.??"]
[Round "3"]
[White "Sakaev, Konstantin"]
[Black "Khalifman, Alexander"]
[Result "1/2-1/2"]
[WhiteElo "2580"]
[BlackElo "2650"]
[PlyCount "28"]
[EventDate "1997.04.17"]
[Source "ChessBase"]
[SourceDate "1997.08.01"]

1. d4 Nf6 2. Nf3 g6 3. c4 c5 4. Nc3 cxd4 5. Nxd4 d5 6. Bg5 Bg7 7. Bxf6 Bxf6 8. cxd5 Qb6 9. Nb3 a5 10. a4 Qb4 11. e3 Bd7 12. Nd4 Qxb2 13. Qc1 Qxc1+ 14. Rxc1 O-O 1/2-1/2

[Event "Interzonal"]
[Site "Biel izt"]
[Date "1993.??.??"]
[Round "?"]
[White "Agdestein, Simen"]
[Black "Gurevich, Mikhail N"]
[Result "1/2-1/2"]
[WhiteElo "2610"]
[BlackElo "2610"]
[PlyCount "97"]
[EventDate "1993.??.??"]
[Source "www.chesslib.no"]
[SourceDate "2004.05.04"]

1. Nf3 Nf6 2. c4 g6 3. Nc3 c5 4. e4 d6 5. d4 cxd4 6. Nxd4 Bg7 7. Be2 O-O 8. O-O a6 9. Bg5 Re8 10. Qd2 Bd7 11. Rfe1 Nc6 12. Nc2 Rc8 13. Bf1 Ne5 14. Na3 Qa5 15. Rad1 Be6 16. Nd5 Qxd2 17. Rxd2 Bxd5 18. exd5 h6 19. Bf4 Nfd7 20. f3 Rc5 21. b3 Ra5 22. Nb1 Rc8 23. Bg3 g5 24. Bf2 b5 25. cxb5 axb5 26. a3 Rb8 27. b4 Raa8 28. Rc1 Rb7 29. Rdc2 Rbb8 30. Rd2 Rc8 31. Rdc2 Rcb8 32. Rc7 Nf6 33. Ba7 Rd8 34. Rd1 Rdc8 35. Rxc8+ Rxc8 36. Bxb5 Nxd5 37. Bf1 e6 38. b5 Nc4 39. Rc1 Ncb6 40. Rxc8+ Nxc8 41. Bf2 Ndb6 42. Bd3 d5 43. Kf1 Kf8 44. Bc2 Nc4 45. a4 Ke8 46. Bd3 N8d6 47. Ke2 Na5 48. Be1 Ndb7 49. Bf5 1/2-1/2

[Event "AUT-chT 9899"]
[Site "AUT"]
[Date "1998.01.16"]
[Round "7"]
[White "Lautier, Joel"]
[Black "Ribli, Zoltan"]
[Result "1-0"]
[WhiteElo "2630"]
[BlackElo "2590"]
[PlyCount "69"]
[EventDate "1998.??.??"]
[Source "www.chesslib.no"]
[SourceDate "2004.05.04"]

1. c4 c5 2. Nf3 Nf6 3. d4 cxd4 4. Nxd4 Nc6 5. g3 e6 6. Bg2 Qb6 7. Nc2 Be7 8. O-O O-O 9. e4 d6 10. Nc3 a6 11. b3 Rb8 12. Bb2 Rd8 13. Kh1 Qa5 14. Ne3 b5 15. f4 Bb7 16. g4 bxc4 17. g5 Nd7 18. Nxc4 Qc7 19. Rc1 Bf8 20. Ne3 Nc5 21. Rc2 Ba8 22. Rd2 Nb4 23. Ba1 a5 24. Qh5 g6 25. Qh4 Bg7 26. Ng4 Nd7 27. Rf3 Bxe4 28. Nxe4 Bxa1 29. Rd1 Qc2 30. Re1 Nd5 31. Rf2 Qd3 32. Rxa1 Qd4 33. Re1 a4 34. Rd2 Qg7 35. Nxd6 1-0

[Event "Campionato europeo 2007"]
[Site "Dresda GER"]
[Date "2007.04.07"]
[Round "5.15"]
[White "Tkachiev, Vladislav"]
[Black "Brkic, Ante"]
[Result "1-0"]
[WhiteElo "2652"]
[BlackElo "2567"]
[PlyCount "43"]
[EventDate "2007.04.03"]
[Source "www.chesslib.no"]
[SourceDate "2004.05.04"]

1. Nf3 c5 2. c4 Nc6 3. d4 cxd4 4. Nxd4 Nf6 5. g3 Qb6 6. Nb3 e6 7. Bg2 Ne5 8. Qc2 Qc7 9. c5 d5 10. Bf4 Nh5 11. Bxe5 Qxe5 12. Nc3 Bd7 13. O-O-O Nf6 14. e4 dxe4 15. Nxe4 Nxe4 16. Bxe4 Bc6 17. Bxc6+ bxc6 18. Rhe1 Qc7 19. Qc3 Rd8 20. Rxd8+ Kxd8 21. Re4 Kc8 22. Rb4 1-0

[Event "France (ch) 86/17"]
[Site "?"]
[Date "2002.??.??"]
[Round "?"]
[White "Dorfman, J."]
[Black "Degraeve, J._M."]
[Result "1-0"]
[WhiteElo "2617"]
[BlackElo "2586"]
[PlyCount "77"]
[EventDate "2002.??.??"]
[Source "Chess Informant"]
[SourceDate "2002.10.01"]

1. d4 Nf6 2. c4 c5 3. Nf3 cxd4 4. Nxd4 e5 5. Nb5 d5 6. cxd5 Bc5 7. N5c3 O-O 8. h3 e4 9. g4 e3 10. Bxe3 Bxe3 11. fxe3 Qe7 12. Bg2 Qxe3 13. Qd3 Qc1+ 14. Kf2 Qxb2 15. Nd2 Qb6+ 16. Qe3 Qd8 17. Bf3 Nbd7 18. Qd4 b6 19. d6 Rb8 20. e4 Nc5 21. e5 Nfd7 22. Kg3 Bb7 23. Bxb7 Rxb7 24. Nf3 Ne6 25. Qe3 f6 26. exf6 Ndc5 27. Rad1 Rxf6 28. Ne5 Kh8 29. Nd5 Rf8 30. Ne7 Rxe7 31. Nc6 Qa8 32. dxe7 Re8 33. Rd6 Rxe7 34. Nxe7 Qxh1 35. Rxe6 Nxe6 36. Qxe6 Qg1+ 37. Kh4 Qf2+ 38. Kh5 g6+ 39. Nxg6+ 1-0

[Event "LXXVII Camp. ucraino"]
[Site "Poltava UCR"]
[Date "2008.12.06"]
[Round "5"]
[White "Drozdovskij, Yuri"]
[Black "Korobov, Anton"]
[Result "1/2-1/2"]
[WhiteElo "2587"]
[BlackElo "2605"]
[PlyCount "28"]
[EventDate "2008.12.02"]
[Source "www.chesslib.no"]
[SourceDate "2004.05.04"]

1. d4 Nf6 2. c4 g6 3. Nf3 Bg7 4. g3 O-O 5. Bg2 c5 6. Nc3 cxd4 7. Nxd4 Qc7 8. Nd5 Nxd5 9. cxd5 Qa5+ 10. Bd2 Qb6 11. Bc3 d6 12. O-O Nd7 13. Rc1 a5 14. b3 Nc5 1/2-1/2

[Event "Leon 83/24"]
[Site "?"]
[Date "2001.??.??"]
[Round "?"]
[White "Lautier, J."]
[Black "Wedberg, T."]
[Result "1-0"]
[WhiteElo "2653"]
[BlackElo "2529"]
[PlyCount "99"]
[EventDate "2001.??.??"]
[Source "Chess Informant"]
[SourceDate "2001.10.01"]

1. Nf3 Nf6 2. c4 c5 3. g3 Nc6 4. d4 cxd4 5. Nxd4 Qb6 6. Nc2 e6 7. Bg2 d5 8. O-O Be7 9. cxd5 exd5 10. Nc3 Be6 11. Nxd5 Bxd5 12. Bxd5 Rd8 13. Bxc6+ bxc6 14. Qe1 Ne4 15. Kg2 Qc5 16. Na3 Qe5 17. Rb1 O-O 18. f3 Bxa3 19. bxa3 Qe6 20. Rb3 Nd6 21. Qf2 Nf5 22. Rc3 a5 23. a4 Qxa2 24. e4 Qxf2+ 25. Rxf2 Ne7 26. Rc5 Rd1 27. Rd2 Re1 28. Ba3 Rb8 29. Rxa5 Ng6 30. h4 f6 31. Bb2 Rb1 32. Bc3 Rc1 33. Bb2 Rb1 34. Bc3 Rc1 35. Rc5 Rb3 36. Bd4 Rxc5 37. Bxc5 Ne5 38. a5 Rb5 39. a6 Rxc5 40. a7 Ra5 41. Rd8+ Kf7 42. a8=Q Rxa8 43. Rxa8 Nd7 44. Rc8 c5 45. Kf2 Ke7 46. Ke3 Ke6 47. h5 Ke7 48. f4 Kf7 49. Rc6 Ke7 50. Kd3 1-0

[Event "EuTCh, Leon ESP"]
[Site "?"]
[Date "2001.??.??"]
[Round "6"]
[White "Illescas Cordoba, M."]
[Black "Avrukh, B."]
[Result "1/2-1/2"]
[WhiteElo "2575"]
[BlackElo "2605"]
[PlyCount "61"]
[EventDate "2001.??.??"]
[Source "www.chesslib.no"]
[SourceDate "2004.05.04"]

1. Nf3 c5 2. c4 Nc6 3. d4 cxd4 4. Nxd4 Nf6 5. g3 Qb6 6. Nb3 Ne5 7. c5 Qc6 8. f3 d5 9. cxd6 e6 10. Qd4 Bxd6 11. Bf4 Qd5 12. Nc3 Qxd4 13. Nxd4 Bd7 14. O-O-O Ke7 15. e4 a6 16. Be2 Rhc8 17. Kb1 Bb8 18. Bc1 b5 19. f4 b4 20. fxe5 Bxe5 21. Nd5+ exd5 22. exd5 Ne4 23. Bf3 f5 24. Rhe1 Rc4 25. Nc6+ Bxc6 26. dxc6 Rc8 27. Bxe4 Rxe4 28. Rxe4 fxe4 29. Re1 a5 30. Rxe4 Kd6 31. Bf4 1/2-1/2

[Event "Karditsa"]
[Site "Karditsa"]
[Date "1996.??.??"]
[Round "9"]
[White "Graf, Alexander"]
[Black "Alterman, Boris"]
[Result "1-0"]
[WhiteElo "2595"]
[BlackElo "2585"]
[PlyCount "65"]
[EventDate "1996.03.??"]
[Source "ChessBase"]

1. Nf3 c5 2. c4 Nc6 3. d4 cxd4 4. Nxd4 Nf6 5. g3 Qb6 6. Nb3 Ne5 7. c5 Qc6 8. Rg1 e6 9. Bf4 Ng6 10. Bg2 d5 11. cxd6 Qa6 12. Be3 Bxd6 13. Nc3 Bd7 14. Bxb7 Qxb7 15. Qxd6 Ne7 16. Bc5 Nf5 17. Qf4 Bc6 18. O-O-O Nd5 19. Nxd5 Bxd5 20. Na5 Qd7 21. e4 Rc8 22. b4 Rxc5+ 23. bxc5 Qa4 24. exd5 Qxa5 25. Qc4 O-O 26. d6 e5 27. Kb1 Nd4 28. Rxd4 exd4 29. Qxd4 Rd8 30. Ka1 Qb5 31. Rc1 Qc6 32. Rd1 Rd7 33. Qd5 1-0

[Event "Olimpiadi 2008 - open"]
[Site "Dresda GER"]
[Date "2008.11.13"]
[Round "1"]
[White "Tkachiev, V."]
[Black "Kosic, D."]
[Result "1/2-1/2"]
[WhiteElo "2664"]
[BlackElo "2511"]
[PlyCount "75"]
[EventDate "2008.11.13"]
[Source "www.chesslib.no"]
[SourceDate "2004.05.04"]

1. c4 c5 2. Nf3 Nc6 3. d4 cxd4 4. Nxd4 Nf6 5. a3 e6 6. g3 Be7 7. Nc3 d5 8. Bg2 O-O 9. O-O Re8 10. Bf4 a6 11. Rc1 Bf8 12. cxd5 exd5 13. Qa4 Qb6 14. Nxc6 bxc6 15. Qc2 Bd7 16. e4 dxe4 17. Nxe4 Nd5 18. Bd6 Rxe4 19. Bxf8 Ree8 20. Bc5 Qb7 21. Rfe1 a5 22. Bd4 h6 23. Qc5 Rxe1+ 24. Rxe1 Be6 25. Rc1 Bd7 26. h4 a4 27. Qd6 Be8 28. Bxd5 cxd5 29. Rc7 Qb3 30. Qe5 Qd1+ 31. Kh2 Qg4 32. f3 Qg6 33. h5 Qg5 34. Qxg5 hxg5 35. g4 Bb5 36. Re7 Re8 37. Rxe8+ Bxe8 38. Kg3 1/2-1/2

[Event "Groningen"]
[Site "?"]
[Date "1991.??.??"]
[Round "?"]
[White "Hansen, Cu"]
[Black "Ftacnik, L."]
[Result "1-0"]
[WhiteElo "2600"]
[BlackElo "2575"]
[PlyCount "73"]
[EventDate "1991.??.??"]
[Source "ChessBase"]
[SourceDate "1991.10.01"]

1. c4 Nf6 2. Nc3 c5 3. Nf3 b6 4. e4 Nc6 5. d4 cxd4 6. Nxd4 Bb7 7. f3 Qb8 8. Be3 e6 9. Qd2 Be7 10. g4 O-O 11. O-O-O Rc8 12. g5 Ne8 13. Nxc6 Bxc6 14. Kb1 a6 15. h4 b5 16. h5 bxc4 17. g6 fxg6 18. hxg6 hxg6 19. Rg1 Bf6 20. Rxg6 Kf7 21. Rg2 d5 22. exd5 exd5 23. Nxd5 c3 24. Qd3 Ba4 25. Qg6+ Kf8 26. Nxf6 c2+ 27. Rxc2 Rxc2 28. Nd7+ Bxd7 29. Qxc2 Be6 30. Qc5+ Kf7 31. Rd7+ Bxd7 32. Bc4+ Be6 33. Qf5+ Ke7 34. Qxe6+ Kd8 35. Bb6+ Nc7 36. Bd5 Ra7 37. Bc6 1-0

[Event "Hastings Premier 76th"]
[Site "Hastings"]
[Date "2001.01.06"]
[Round "9"]
[White "Bischoff, Klaus"]
[Black "Ftacnik, Lubomir"]
[Result "0-1"]
[WhiteElo "2556"]
[BlackElo "2608"]
[PlyCount "112"]
[EventDate "2000.12.29"]
[Source "ChessBase"]
[SourceDate "2001.03.20"]

1. Nf3 Nf6 2. c4 c5 3. d4 cxd4 4. Nxd4 Nc6 5. g3 Qb6 6. Nc2 e6 7. Bg2 d5 8. cxd5 exd5 9. O-O Be6 10. Nc3 Rd8 11. Bg5 Be7 12. Bxf6 Bxf6 13. Nxd5 Bxd5 14. Bxd5 Ne7 15. e4 Nxd5 16. exd5 O-O 17. a4 Qxb2 18. Rb1 Qe5 19. Ne3 b6 20. Ng4 Qxd5 21. Nxf6+ gxf6 22. Qg4+ Qg5 23. Qf3 Rfe8 24. Rb4 Kf8 25. Rf4 Qd5 26. Qg4 Re6 27. Qh3 Kg7 28. Rf5 Qd3 29. Rf4 Rd5 30. Qh4 Qg6 31. Rc4 Rde5 32. Rg4 Rg5 33. Rc4 Rh5 34. Qd4 Rhe5 35. Qc3 Re4 36. Ra1 Rxc4 37. Qxc4 Qe4 38. Qa6 Qd4 39. Rc1 Qd2 40. Rf1 Re7 41. Qc4 Qe2 42. Qb3 Rd7 43. Qb4 Rd2 44. Qf4 h5 45. h3 Rd1 46. Rxd1 Qxd1+ 47. Kh2 Qd5 48. Qb4 Qc5 49. Qb2 a6 50. h4 b5 51. axb5 axb5 52. Kg2 b4 53. Qb3 Qc3 54. Qd5 b3 55. Qxh5 Qc4 56. Qf5 b2 0-1

[Event "Las Palmas"]
[Site "Las Palmas"]
[Date "1972.??.??"]
[Round "5"]
[White "Portisch, Lajos"]
[Black "Benko, Pal C"]
[Result "1-0"]
[WhiteElo "2640"]
[BlackElo "2515"]
[PlyCount "49"]
[EventDate "1972.??.??"]
[Source "ChessBase"]

1. Nf3 c5 2. c4 g6 3. d4 cxd4 4. Nxd4 Nf6 5. Nc3 d5 6. Bg5 dxc4 7. e3 Bg7 8. Bxc4 O-O 9. O-O Bd7 10. Qd2 Nc6 11. Rfd1 Nxd4 12. Qxd4 Bc6 13. Bxf7+ Kh8 14. Qh4 Qc8 15. Bc4 Ng4 16. f3 Ne5 17. Be2 Qe6 18. e4 Rfe8 19. Kh1 Nf7 20. Be3 Red8 21. Qf2 a6 22. Bb6 Rf8 23. Bd4 Ne5 24. Qg3 Rf7 25. f4 1-0

[Event "NY op New York"]
[Site "?"]
[Date "1998.??.??"]
[Round "3"]
[White "Shabalov, Alexander"]
[Black "Gurevich, Dmitry"]
[Result "1-0"]
[WhiteElo "2615"]
[BlackElo "2540"]
[PlyCount "85"]
[EventDate "1998.??.??"]
[Source "www.chesslib.no"]
[SourceDate "2004.05.04"]

1. d4 Nf6 2. c4 c5 3. Nf3 cxd4 4. Nxd4 e5 5. Nb5 d5 6. cxd5 Bc5 7. N5c3 O-O 8. e3 e4 9. Be2 Qe7 10. a3 Rd8 11. O-O a5 12. Nd2 Bf5 13. Qb3 h5 14. Nc4 Ra6 15. Rd1 Ng4 16. h3 Nxf2 17. Kxf2 Bxh3 18. Bf1 Qh4+ 19. Kg1 Rf6 20. Qc2 Bg4 21. Nxe4 Rf4 22. Nxa5 Bxd1 23. Qxd1 Rxf1+ 24. Qxf1 Qxe4 25. Nxb7 Rxd5 26. Nxc5 Qc2 27. Qf4 Nc6 28. Ne4 Qd1+ 29. Kh2 Ne5 30. Nf2 Qf1 31. e4 Rd3 32. Nxd3 Ng4+ 33. Kg3 Qxd3+ 34. Qf3 Qd8 35. Bf4 g5 36. Rf1 f6 37. Kh3 Qd7 38. Bxg5 Ne3+ 39. Kh2 Nxf1+ 40. Qxf1 fxg5 41. Qf5 Qd6+ 42. e5 Qd2 43. Qc8+ 1-0